| 000 | 00959nam0a22002891 4500 | ||
|---|---|---|---|
| 001 | RU\NLR\INFOCOMM_253\5000055732 | ||
| 005 | 20250613101806.0 | ||
| 035 | _a(NLR Aleph) 009393447 | ||
| 090 |
_a8057724 _c8057724 |
||
| 100 | _a20110113d1976 |||y0rusy50 ca | ||
| 101 | 0 | _aeng | |
| 102 | _aRU | ||
| 105 | _aa ||||000|y | ||
| 200 | 1 |
_aCollisions on relativistic nuclei: shock waves? _fK. K. Gudima, V. D. Toneev |
|
| 210 |
_aДубна _d1976 |
||
| 215 |
_a7 с. _cграфик. _d22 см |
||
| 225 | 1 |
_a[Издания] _fОбъедин. ин-т ядерных исследований _vE4-9765 |
|
| 320 | _aБиблиогр.: с. 6-7 | ||
| 606 |
_aАтомное ядро релятивистское _xСтолкновения _2nlr_sh1 |
||
| 686 |
_aВ383.56 _2rubbk |
||
| 700 | 1 |
_aGudima _bK. K. _4070 |
|
| 701 | 1 |
_aToneev _bV. D. _4070 |
|
| 801 | 1 |
_aRU _bNLR _c20110113 |
|
| 801 | 0 |
_aRU _bNLR _gPSBO |
|
| 852 |
_aNLR _jP11/2061 |
||
| 942 | _cBOOK | ||
| 980 | _aNB | ||